Zwischen Anspruch und Wirklichkeit : Alltag in der Grundschule
Αποθηκεύτηκε σε:
| Κύριος συγγραφέας: | |
|---|---|
| Μορφή: | Βιβλίο |
| Γλώσσα: | German |
| Δημοσίευση: |
Baltmannsweiler :
Schneider Verlag Hohengehren,
2000
|
| Θέματα: | |
| Ετικέτες: |
Προσθήκη ετικέτας
Δεν υπάρχουν, Καταχωρήστε ετικέτα πρώτοι!
|
MARC
| LEADER | 00000nam a2200000 i 4500 | ||
|---|---|---|---|
| 001 | 1/64314 | ||
| 008 | 041029s2000 ger d | ||
| 020 | |a 3-8967-6242-7 | ||
| 035 | |l 10074984 | ||
| 040 | |a GR-MY-UA |b gre |e aacr | ||
| 041 | 0 | |a ger | |
| 082 | 0 | |a 371.3 |2 (21) | |
| 100 | 1 | |a Schafer, Margarete |d 1954- | |
| 245 | 1 | 0 | |a Zwischen Anspruch und Wirklichkeit : |b Alltag in der Grundschule / |c von Margarete Schafer |
| 260 | |a Baltmannsweiler : |b Schneider Verlag Hohengehren, |c 2000 | ||
| 300 | |a 145 p.; |b ill.; |c 23 cm | ||
| 650 | 0 | 0 | |a Teaching. |
| 650 | 0 | 0 | |a Instructional systems. |
| 852 | |a INST |b RHODES |e 20041029 |h 371.3 SCH |p 005400023411 |q 005400023411 |t BK |y 0 | ||
| 901 | |a BIBL4-2005-2 | ||
| 909 | |a Ρ |b 115149 | ||
| 922 | |a 4ΕΛΗ |b 200410 |c ΕΠΕΑΕΚ2/ΠΤΔΕ |d ΜΙΧΑΛΟΠΟΥΛΟΣ | ||
| 970 | |a ΚΟΖΑ |b ΜΑΡΙΑ |z 2005/06/01 | ||